000 00852nam a22002177a 4500
005 20230314105140.0
008 230306b mx ||||| |||| 00| 0 spa d
020 _a9703212913
050 0 4 _aKGF2943
_bE58 2003
245 0 4 _aLas entidades federativas y el derecho constitucional
_b : democracia y regulación electoral un verdadero federalismo
_c / Gámiz Parral, Máximo N. coordinador.
250 _a1a ed.
260 _aMéxico :
_bUniversidad Nacional Autónoma de México. Instituto de Investigaciónes Jurídicas,
_c2003
300 _axxv, 499 p. ;
_c21 cm.
490 0 _aDoctrina Jurídica Estatal ;
_v4
504 _aIncluye bibliografía
650 7 _2lemb
_aDerecho constitucional
_zMéxico
650 7 _2lemb
_aGobierno federal
_zMéxico
650 7 _2lemb
_aDemocracia
700 1 _aGámíz Parral, Máximo N.,
_eautor
942 _2lcc
_cLIB
999 _c83533
_d83533